Mezinárodní dělba práce v socialistické světové soustavě : sborník příspěvků přednesených na vědecké konferenci v Liblicích ve dnech 12.-14. prosince 1957 /

Další autoři: Kaigl, Vladimír, 1918-
Jazyk: Čeština
Vydáno: Praha : Československá akademie věd, 1958
Vydání: 1. vyd.
Edice: Práce ČSAV. Sekce ekonomie, práva a filosofie
Fyzický popis: 126 s.
Knihy
Uloženo v:
LEADER 01102nam a22002772a 4500
001 001411472
003 CZ BrMZK
005 20140813143859.0
007 ta
008 140813s1958 xr er|||||||||||cze d
015 |a cnb000683841 
035 |a (OCoLC)85461184 
040 |a ABA001  |b cze  |c KLG001  |d ABA001  |d BOA001 
041 1 |a cze  |h mul 
245 0 0 |a Mezinárodní dělba práce v socialistické světové soustavě :  |b sborník příspěvků přednesených na vědecké konferenci v Liblicích ve dnech 12.-14. prosince 1957 /  |c vědecký redaktor Vladimír Kaigl 
250 |a 1. vyd. 
260 |a Praha :  |b Československá akademie věd,  |c 1958 
300 |a 126 s. 
490 1 |a Práce ČSAV. Sekce ekonomie, práva a filosofie 
500 |a Část. přeloženo z různých jazyků 
700 1 |a Kaigl, Vladimír,  |d 1918-  |7 jk01052552  |4 edt 
810 2 |a Československá akademie věd.  |t Práce.  |p Sekce ekonomie, práva a filosofie  |0 s 
910 |a BOA001  |b 2-0408.884 
990 |a BK 
991 |b 201408 
996 6 |b 2619125461  |c 2-0408.884  |l MZK  |r Sklad / do 24 hodin  |n 0  |w 001555799  |u 000010  |a 1  |e BOA001  |j MZK50  |s P